000 00441nmm a2200157Ia 4500
008 251105s9999||||xx |||||||||||||||||und||
041 _aspa
100 _aOlivas, Francisco Javier
245 0 _aLa memoria prestada
264 _a[Madrid, España] :
_bEditorial Egales,
_c2021
300 _a246 páginas
490 _aNarrativa
650 _aSpanish narrative
856 _uhttps://public.digitaliapublishing.com/a/136992
942 _cCF
999 _c100260
_d100260